| 000 | 00409nam a22001697a 4500 | ||
|---|---|---|---|
| 005 | 20251113115600.0 | ||
| 008 | 160627b xxu||||| |||| 00| 0 eng d | ||
| 020 | _a0-340-81232-X | ||
| 041 | _aeng | ||
| 082 | _b10392 | ||
| 100 |
_aWalmsley, Berriee _92863 |
||
| 245 | _aPractice test for Numeical Reasoning | ||
| 260 |
_bHodder and Stoughton _c2008 |
||
| 300 | _a177 | ||
| 650 | _aManagement | ||
| 942 | _cBK | ||
| 999 |
_c4141 _d4140 |
||